A study on the pure theory of production

Αποθηκεύτηκε σε:
Λεπτομέρειες βιβλιογραφικής εγγραφής
Κύριος συγγραφέας: Carlson, Sune 1909-
Μορφή: Βιβλίο
Γλώσσα:English
Δημοσίευση: New York : Kelley & Millman, 1956
Θέματα:
Ετικέτες: Προσθήκη ετικέτας
Δεν υπάρχουν, Καταχωρήστε ετικέτα πρώτοι!

MARC

LEADER 00000nam a2200000 i 4500
001 1/69844
008 990223s1956 eng d
035 |l 10047945 
040 |a GR-MY-UA  |b    |e aacr 
041 0 |a eng 
082 0 |a 338.001 
100 1 |a Carlson, Sune  |d 1909- 
245 1 2 |a A study on the pure theory of production /  |c Sune Carlson 
260 |a New York :   |b Kelley & Millman,   |c 1956 
300 |a vii, 128 σ. 
504 |a Περιλαμβάνει βιβλιογραφία 
650 0 0 |a Production (Economic theory) 
650 0 0 |a Production functions (Economic theory) 
650 0 0 |a Cost. 
852 |a INST  |b CHIOS  |e 19990223  |h 338.001 CAR  |p 005200014769  |q 005200014769  |t BK  |y 0 
901 |a BIBL-1999-1 
909 |a Χ  |b 055432 
922 |a 2ΔΩΡ  |b 199902  |d ΛΕΜΟΝΙΑ